000
00278cam a22000977a 4500
008
180718b1972 xxu||||| |||| 00| 0 eng d
082
_a
L1x5433 P969/1969-72
245
_a
Performace budgets of selected departments
260
_a
Chandigarh
_b
Government Press
_c
1972
300
_a
195p.
999
_c
500538
_d
500538